000 00479nam a2200193Ia 4500
003 GCL
008 140319s9999 xx 000 0 eng d
040 _aGCL /
_cGCL
082 0 4 _aCH
_b932
_bM Q
100 1 _aMACAUGHREAN, GERALDINE
245 1 0 _aTHE QUEST OF ISIS /
_cMACAUGHREAN, GERALDINE
260 _a[S.N] :
_bLONGMAN HOUSE ،
_c1995
300 _a56 P
650 0 4 _aCHILDREN
650 0 4 _aHISTORY
650 0 4 _aISIS
650 0 4 _aHISTORY, ANCIENT
942 _2ddc
_cBK
999 _c15077
_d15077